| 000 | 00744cad a22001935a 4500 | ||
|---|---|---|---|
| 001 | L156787 | ||
| 008 | 120716e2012 xxk 000 0 eng d | ||
| 035 | _a(Sirsi) u156787 | ||
| 041 | 0 | _aeng | |
| 110 | 2 |
_aGreat Britain _bHealth and Safety Executive |
|
| 245 | 0 | 0 |
_aCan a person be left alone at their place of work? _h[electronic resource] |
| 260 |
_a[S.l.] _bHSE _c2012 |
||
| 520 | _aProvides guidance on the main pieces of legislation that apply and risk assessment for people who are working alone. | ||
| 590 | _aKA NTK | ||
| 651 | 4 |
_aGreat Britain _y1707- |
|
| 690 |
_aHealth and safety _96244 |
||
| 856 | 4 | 0 |
_uhttps://www.hse.gov.uk/contact/faqs/workalone.htm?eban=rss- _zView the web page free of charge at www.hse.gov.uk |
| 942 | _n0 | ||
| 999 |
_c114413 _d114413 |
||